Načítá se...

Rights of women A feminist perspective

Podrobná bibliografie
Hlavní autor: Ahuja, Ram
Médium: Printed Book
Jazyk:English
Vydáno: Jaipur Rawat 1992
Témata:
LEADER 00502nam a22001697a 4500
005 20160820112325.0
008 090805t xxu||||| |||| 00| 0 eng d
082 |a 396  |b AHU 
100 |a Ahuja, Ram  |9 45 
245 |a Rights of women  |b A feminist perspective 
300 |a vii,182p. 
653 |a women 
942 |c BK  |6 _ 
260 |a Jaipur  |b Rawat  |c 1992 
020 |a 8170331724 
999 |c 168153  |d 168153 
952 |0 0  |1 0  |2 ddc  |4 0  |6 396_AHU  |7 0  |9 218577  |a DAE  |b DAE  |d 2009-08-05  |o 396 AHU  |p ECO06212  |r 2016-08-20  |w 2016-08-20  |y BK